| 000 | 00393nam a2200169Ia 4500 | ||
|---|---|---|---|
| 008 | 170705s9999 xx 000 0 und d | ||
| 020 | _a9780439649063 | ||
| 245 | _aOuch! Body decoration / | ||
| 245 | _cSarah Dawson. | ||
| 260 | _aNew York : | ||
| 260 | _bScholastic, | ||
| 260 | _c2003 | ||
| 300 | _a40 pages : | ||
| 300 | _bcolor illustration ; | ||
| 300 | _c21cm. | ||
| 500 | _a1250 | ||
| 999 |
_c336644 _d336644 |
||